000 00607nam a2200241Ia 4500
001 36370
005 20240114001852.0
007 ta
008 070419s1954 a g b000 u 465 u
040 _aCotton College,Assam
041 _a465
082 _a701
_bUn 2 Ar
110 _aUnesco .
_c(Paris )
245 0 _aThe Artist in Modern Society /
_cUnesco.
_hTextual Documents
250 _a1st ed. /
260 _aParis :
_bUnesco ,
_c1954.
300 _a127p. :
_bill ;
_c22cm .
653 _aArtist
653 _aG-Technology
942 _2ddc
_cBK
999 _c36352
_d36352